| 000 -LEADER |
| fixed length control field |
00668cam a22002177a 4500 |
| 020 ## - INTERNATIONAL STANDARD BOOK NUMBER |
| ISBN |
9251048096 (pbk.) |
| 040 ## - CATALOGING SOURCE |
| Transcribing agency |
FQG |
| 082 00 - DEWEY DECIMAL CLASSIFICATION NUMBER |
| Classification number |
633 FOO 2002 A051 Or. |
| 245 00 - TITLE STATEMENT |
| Title |
Bread wheat : |
| Remainder of title |
improvement and production / |
| 260 ## - PUBLICATION, DISTRIBUTION, ETC. (IMPRINT) |
| Place of publication |
Rome : |
| Name of publisher |
Food and Agriculture Organization of the United Nations, |
| Year of publication |
2002. |
| 300 ## - PHYSICAL DESCRIPTION |
| Number of Pages |
xi, 554 p. : |
| Other physical details |
ill. (some col.) ; |
| Dimensions |
24 cm. |
| 490 1# - SERIES STATEMENT |
| Series statement |
Plant production and protection series, |
| 650 #0 - SUBJECT ADDED ENTRY--TOPICAL TERM |
| Topical Term |
Wheat. |
| 650 #0 - SUBJECT ADDED ENTRY--TOPICAL TERM |
| Topical Term |
Wheat |
| 650 #0 - SUBJECT ADDED ENTRY--TOPICAL TERM |
| Topical Term |
Wheat |
| 700 1# - ADDED ENTRY--PERSONAL NAME |
| Personal name |
Curtis, B. C. |
| 700 1# - ADDED ENTRY--PERSONAL NAME |
| Personal name |
Rajaram, S. |
| 700 1# - ADDED ENTRY--PERSONAL NAME |
| Personal name |
Gómez Macpherson, Helena. |
| 710 2# - ADDED ENTRY--CORPORATE NAME |
| Corporate name or jurisdiction name as entry element |
Food and Agriculture Organization of the United Nations. |
| 942 ## - ADDED ENTRY ELEMENTS (KOHA) |
| Koha item type |
សៀវភៅភាសាអង់គ្លេស |
| 952 ## - LOCATION AND ITEM INFORMATION (KOHA) |
| Withdrawn status [LOCAL, KOHA] |
0 |